Países que fazem fronteira com: Camarões#4 - Statistics

Estatísticas Gerais
  • Esse quiz foi jogado 56 vezes
    55 desde o último reset
  • A pontuação média é 5 de 6
Estatísticas das Respostas
País % Correto
Nigéria
98%
República do Congo
94%
Gabão
90%
Guiné Equatorial
88%
Chade
80%
República Centro-Africana
80%
Nenhum quiz correspondente encontrado
Distribuição das Pontuações
Porcentagem de Pessoas com Cada Pontuação
Percentil de Números Respondidos
Sua Pontuação Histórica
Você não jogou esse quiz desde o último reset